| 000 | 01179nam a2200337 a 4500 | ||
|---|---|---|---|
| 008 | |||
| 020 | _a9780323430265 (paperback) | ||
| 040 |
_aNUST _cNUST |
||
| 049 | _aMAIN | ||
| 090 |
_aR690 _bJOB |
||
| 245 | 1 | 0 |
_aJob readiness for health professionals soft skills strategies for success/ _c William G Brottmiller ; Lee Haroun ; Michele Jawad ; Jennifer Kelly & Kelly A Rose. |
| 250 | _aSecond edition. | ||
| 260 |
_aSt. Louis, Missouri : _bElsevier/Saunders, _c2016. |
||
| 300 |
_ax, 406 pages : _bcolour illustrations ; _c28 cm. |
||
| 336 |
_atext _btxt _2rdacontent |
||
| 337 |
_aunmediated _bn _2rdamedia |
||
| 338 |
_avolume _bnc _2rdacarrier |
||
| 500 | _aIncludes index. | ||
| 504 | _aIncludes bibliographical references. | ||
| 650 | 1 | _aHealth occupations. | |
| 650 | _aVocational guidance. | ||
| 700 |
_aBrottmiller, William G., _aauthor. |
||
| 700 |
_aHaroun, Lee., _aauthor. |
||
| 700 |
_aJawad, Michele., _aauthor. |
||
| 700 |
_aKelly, Jennifer., _aauthor. |
||
| 700 |
_aRose, Kelly A., _aauthor. |
||
| 907 |
_a.b10414204 _b13-01-23 _c24-02-22 |
||
| 003 | |||
| 005 | 20230120204356.0 | ||
| 942 |
_cBOOKS _kR690 _mJOB |
||
| 999 |
_c122106 _d122106 |
||